Word Ladder: The Gamut Quiz Stats

 Plays Quiz Updated Aug 14, 2013

Support Sporcle.
Go Orange.
Score 0/25 Timer 02:00
0 Plays Today
Hint 4-Letter Word % Correct
A kissed one may become a princeFROG
97.7%
3 ____ = 1 YardFEET
97%
WorryFRET
91.1%
Use a senseFEEL
89.4%
Fly highSOAR
88.9%
Center of an appleCORE
88.8%
Delta Tau Delta or Sigma Nu, e.g.FRAT
88%
∞ BROTH ∞∞ SOUP (to) ∞
87.8%
Seafaring vehicleBOAT
87.2%
Wild porkerBOAR
86.7%
Remedy for a diseaseCURE
86.1%
AdorableCUTE
85.9%
Ivory or Dial, e.g.SOAP
85.8%
Hint 4-Letter Word % Correct
A type of grenadeFRAG
85.5%
Baby horseFOAL
80.6%
Leadership overthrowCOUP
78.7%
Little knife nicksCUTS
78.3%
Pigeon padCOOP
75.4%
JesterFOOL
74.3%
∞ WHENCE ∞∞ FROM ∞
72.3%
LoyalFEAL
70.4%
Suave, like MimbletonCOOL
67.9%
One who creates ennuiBORE
59.4%
'The Simpsons' kiddie license plate epic failBORT
55.6%
∞ KERNELS ∞∞ NUTS ∞
34.3%

Today's Daily Dose

Word Ladder
ING Words

Get the Picture
Nearest Volcano

From the Vault

Remove Ads.
Support Sporcle.
Get the best of Sporcle when you Go Orange. This ad-free experience offers more features, more stats, and more fun while also helping to support Sporcle. Thank you for becoming a member.

Show Comments

Extras

Top Quizzes Today


Score Distribution

Your Account Isn't Verified!

In order to create a playlist on Sporcle, you need to verify the email address you used during registration. Go to your Sporcle Settings to finish the process.

Report this User

Report this user for behavior that violates our Community Guidelines.

Details: